00859nam a22001697a 4500003000900000008004100009040007100050082001400121245014800135260006100283300002800344505019200372650003600564650004400600700002700644700001800671AR-CdUCM190227b ||||| |||| 00| 0 spa d aMUNICIPALIDAD PROVINCIAL DEL CUSCOcBIBLIOTECA MUNICIPAL DEL CUSCO a301 /bH3 aHistoria y elementos de la sociología del conocimiento :bSelección de artículos realizada bajo la dirección de Irving Louis Horowitz / aArgentina :bEdit. Universitaria de Buenos Aires,c1974. a353 páginas :c23 cm. aContenido: Historia de la sociología del conocimiento -- Función y estructura de la sociología del conocimiento -- Dimensiones metodológicas de la sociología del conocimiento... aConocimiento de la sociología aBibliográfia de las ciencias sociales aHorowitz, Irving Louis aStark, Werner